Loading...
| Religion | 0 | 4 | 0 | 2 | 40 | 83 | 116.25 | 1 | 2 | 0.00 | 0.00 |
| History - American | 1 | 2 | 0 | 0 | 35 | 66 | 82.00 | 3 | 3 | 0.00 | 0.00 |
| Fine Arts - Other | 1 | 2 | 0 | 0 | 35 | 52 | 75.00 | 2 | 3 | 0.00 | 0.00 |
| Philosophy | 0 | 3 | 0 | 0 | 30 | 80 | 102.00 | 0 | 3 | 0.00 | 0.00 |
| Fine Arts - Auditory | 2 | 0 | 0 | 0 | 30 | 53 | 56.50 | 0 | 2 | 0.00 | 0.00 |
| Social Science | 1 | 1 | 0 | 0 | 25 | 25 | 58.50 | 2 | 2 | 0.00 | 0.00 |
| History - Other | 1 | 1 | 0 | 1 | 25 | 54 | 100.00 | 1 | 1 | 0.00 | 0.00 |
| Literature - World | 0 | 2 | 0 | 1 | 20 | 95 | 117.00 | 0 | 0 | 0.00 | 0.00 |
| History - European | 0 | 2 | 1 | 1 | 15 | 71 | 100.00 | 0 | 1 | 0.00 | 0.00 |
| Literature - British | 0 | 1 | 0 | 0 | 10 | 120 | 120.00 | 0 | 0 | 0.00 | 0.00 |
| Pop Culture | 0 | 1 | 0 | 0 | 10 | 109 | 109.00 | 0 | 1 | 0.00 | 0.00 |
| History - World | 0 | 1 | 0 | 0 | 10 | 63 | 63.00 | 1 | 1 | 0.00 | 0.00 |
| Religion- | 0 | 1 | 0 | 0 | 10 | 74 | 74.00 | 1 | 1 | 0.00 | 0.00 |
| Science - Biology | 0 | 1 | 0 | 1 | 10 | 121 | 121.00 | 1 | 1 | 0.00 | 0.00 |
| Mythology | 0 | 1 | 0 | 0 | 10 | 87 | 87.00 | 0 | 1 | 0.00 | 0.00 |